1439 1265 1285 1521 1055 1013 1684 1576 1562 1472 1550 1576 1613 1194 1213 1951 1925 1126 1473 1989 1407 1579 1136 1582 1489 1843 1908 1886 1667 1603 1937 1533 1771 1070 1307 1772 1061 1805 1506 1896 1441 1034 1157 1869 2000 1705 1025 1798 1897 1039 1927 1918 1161 1185 1109 1662 1819 1899 1616 1801 1239 1552 1743 1061 1217 1843 1911 1132 1483 1740 1398 1143 1097 1193 1811 1329 1499 1314 1230 1881 1476 1593 1484 1460 1041 1561 1601 1657 1747 1412 1844 1607 1623 1584 1297 1302 1188 1160 1619 BCNSPRNW ULIB Ver.6.0+V

เปลี่ยนเป็นภาษาไทย

Change to English
 แสดงรายละเอียดบรรณานุกรม
  กลับหน้าหลัก

Brief Record : Get Marc (ISO 2709) : E-mail record : QR code < ปิดหน้าต่าง
LEADER : 00000nam 2200000uu 4500
001    13399121882
003     ULIB
008    121213s2550||||th 000 0 tha d
020    ^a9789741106448
060  4 ^aWF200^bอ293น 2550
100 0  ^aอมรา สุนทรธาดา
245 10 ^aนโยบายควบคุมวัณโรคในประเทศไทย /^cอมรา สุนทรธาดา
250    ^aพิมพ์ครั้งที่ 1
260    ^aนครปฐม :^bสถาบันวิจัยประชากรและสังคม มหาวิทยาลัยมหิดล,^c2550
300    ^aก-ท, 79 หน้า ;^c24 ซม.
440  0 ^aชุดโครงการวิจัยเปรียบเทียบ 5 ประเทศ: บังคลาเทศ, บราซิล,ไนจีเรีย, แทนซาเนีย และไทย
490 1  ^aเอกสารทางวิชาการ / สถาบันวิจัยประชากรและสังคมมหาวิทยาลัยมหิดล ;^vหมายเลข 322
504    ^aบรรณานุกรม
536    ^aได้รับการสนับสนุนจาก Public Health Watch, Open SocietyInstitute สหรัฐอเมริกา
650  7 ^aวัณโรค^xการป้องกันและควบคุม
710 2  ^aมหาวิทยาลัยมหิดล. ^bสถาบันวิจัยประชากรและสังคม
830  0 ^aเอกสารทางวิชาการ (มหาวิทยาลัยมหิดล.สถาบันวิจัยประชากรและสังคม) ;^vหมายเลข 322
945    ^p0^l0^i24801
995    ^aกัณชพร
999 ^a ใช้งานได้ทุกระบบ
รายการนี้ยังไม่มีแท็ก
คุณยังไม่ได้ล็อกอิน คุณสามารถมีกิจกรรมร่วมกับเว็บไซต์ได้ แต่ต้องล็อกอินก่อน ::
  ล็อกอิน

รายการสื่อสารสนเทศ

ลำดับที่ ประเภท เลขเรียก/บาร์โค้ด สถานที่ สถานะ
1. วิทยาศาสตร์การแพทย์ และสุขภาพ
วิทยาศาสตร์การแพทย์ และสุขภาพ
WF200 อ293น 2550  
  Barcode: 24801
ห้องสมุดวิทยาเขตนครสวรรค์
►ส่วนจัดเก็บหนังสือเก่า นว.
บนชั้น
  ขอยืม

BibComment


ยังไม่เคยถูกคอมเมนท์

คอมเมนท์ทรัพยากรรายการนี้
  คอมเมนท์: นโยบายควบคุมวัณโ..


 Copyright 2026. Bcnsprnw @Library